| 000 | 00789nam a22002177a 4500 | ||
|---|---|---|---|
| 005 | 20240530110523.0 | ||
| 008 | 160222s2013 ua ad g 000 0 ara d | ||
| 017 |
_a2012/13192 _bمصر . دار الكتب المصرية |
||
| 020 | _a9789773504741 | ||
| 040 | _aEG-CaGPL | ||
| 082 | 0 | 4 |
_221 _a302.23\ _bع د |
| 100 | 0 | _aعيسى الهادى | |
| 245 | 1 | 0 |
_aدراسات فى الاعلام الرياضى التربوى / _cاعداد مصر . دار الكتب المصرية |
| 250 | _aط1 | ||
| 260 |
_aالقاهرة : _bدار الكتاب الحديث ، _c2012 . |
||
| 300 |
_a302 ص : _bجداول ، _c24 سم . |
||
| 650 | 0 | 4 | _aالاعلام الرياضى |
| 650 | 0 | 4 | _aالتربية البدنية |
| 942 |
_2ddc _cBK |
||
| 999 |
_c61932 _d61932 |
||